1562 1196 1697 1100 1357 1297 1407 1760 1897 1853 1998 1256 1620 1965 1830 1972 1023 1876 1783 1185 1904 1466 1913 1148 1224 1685 1659 1139 1102 1216 1427 1322 1355 1170 1174 1278 1839 1388 1969 1560 1539 1414 1186 1477 1657 1220 1882 1535 1741 1375 1061 1993 1396 1651 1919 1558 1455 1655 1526 1931 1826 1267 1693 1945 1508 1349 1973 1469 1723 1734 1330 1099 1264 1426 1887 1975 1507 1420 1044 1634 1685 1121 1325 1025 1709 1690 1051 1824 1544 1107 1607 1143 1323 1314 1928 1920 1932 1269 1631 BCNSPRNW ULIB Ver.6.0+V

เปลี่ยนเป็นภาษาไทย

Change to English
 แสดงรายละเอียดบรรณานุกรม
  กลับหน้าหลัก

Brief Record : Get Marc (ISO 2709) : E-mail record : QR code < ปิดหน้าต่าง
LEADER : 00000nam 2200000uu 4500
001    13399112788
003     ULIB
008    110908s2551||||th 000 0 tha d
020    9789748136325
050  4 LB1564.T5^bฆ219ท 2551
100 0  ฆนัท ธาตุทอง
245 10 เทคนิคการพัฒนาหลักสูตรสถานศึกษา /^cฆนัท ธาตุทอง
250    พิมพ์ครั้งที่ 4
260    [สงขลา] :^bคณะครุศาสตร์ มหาวิทยาลัยราชภัฏสงขลา,^c2551
300    ก-ญ, 312 หน้า :^bภาพประกอบ ;^c26ซม.
650  4 การวางแผนหลักสูตร
650  4 การศึกษา^xหลักสูตร
650  4 หลักสูตร
710 2  มหาวิทยาลัยราชภัฏสงขลา. ^bคณะครุศาสตร์
945    ^p280^l0^i027290
995    ทศพร
999 ^a ทศพร
รายการนี้ยังไม่มีแท็ก
คุณยังไม่ได้ล็อกอิน คุณสามารถมีกิจกรรมร่วมกับเว็บไซต์ได้ แต่ต้องล็อกอินก่อน ::
  ล็อกอิน

รายการสื่อสารสนเทศ

ลำดับที่ ประเภท เลขเรียก/บาร์โค้ด สถานที่ สถานะ
- ไม่พบข้อมูล -

รายการใกล้เคียง
    ผู้แต่ง [ฆนัท ธาตุทอง]

    หัวเรื่อง [การวางแผนหลักสูตร]
    หัวเรื่อง [หลักสูตร]

BibComment


ยังไม่เคยถูกคอมเมนท์

คอมเมนท์ทรัพยากรรายการนี้
  คอมเมนท์: เทคนิคการพัฒนาหลั..


 Copyright 2026. Bcnsprnw @Library